000 01726cam a2200157 4500500
005 20260405085544.0
041 _afre
042 _adc
100 1 0 _aAllain, Thierry
_eauthor
700 1 0 _aNijenhuis-Bescher, Andreas
_eauthor
700 1 0 _aThomas, Romain
_eauthor
245 0 0 _aLes Provinces-Unies à l'époque moderne : De la Révolte à la République batave
260 _bArmand Colin,
_c2019.
520 _aExiste-t-il un État aussi familier et en même temps aussi méconnu que les Provinces-Unies à l’époque moderne ? Qui n’a jamais entendu parler des navires chargés d’épices de retour d’Asie, des hôtels particuliers le long des canaux d’Amsterdam, des œuvres de Rembrandt ou des polders conquis sur les flots ? On sait moins que cet État, né au XVIe siècle, sut consentir des efforts inouïs pour résister aux plus grandes armées, qu’un équilibre politique reposant sur des structures fragmentées surmonta toutes les crises, qu’il fut un dynamique foyer d’immigration, que l’agriculture y était prospère, qu’il abrita la société la plus urbanisée et la plus alphabétisée d’Europe, et que l’imprimerie tournait à plein régime pour alimenter l’Europe entière.Cette synthèse propose de fournir au lecteur des clés d’analyse de l’histoire moderne des Pays-Bas, en abordant toutes les facettes de ce prétendu « miracle ». Le plan, à la fois chronologique et thématique, s’efforce de restituer toute la place de cet État, dont la destinée est essentielle à la compréhension de l’histoire européenne et mondiale.
856 4 1 _uhttps://shs.cairn.info/les-provinces-unies-a-l-epoque-moderne--9782200614515?lang=fr&redirect-ssocas=7080
999 _c2198481
_d2198482